| 000 | 004970000a22001810004500 | ||
|---|---|---|---|
| 003 | LK-CoMWRAF | ||
| 005 | 20231013111839.0 | ||
| 008 | 230817t ||||| |||| 00| 0 eng d | ||
| 040 |
_aLK-CoMWRAF _dLK-CoMWRAF _eLK-CoMWRAF |
||
| 041 | _aeng | ||
| 082 |
_a297.38 _bSEL |
||
| 245 |
_aSelected prayers : _bA Collection of Du'a from the Qur'an and Sunnah |
||
| 260 |
_aU.K. : _bTa-Ha publishers, _c1979 |
||
| 300 | _a78p | ||
| 650 | _aIsla-Prayers | ||
| 700 |
_aBadawi, Gamal A. _ecomp. |
||
| 942 | _cBK | ||
| 999 |
_c1778 _d1778 |
||